[Event "Jastrzebie Zdroj op 4th"]
[Site "Jastrzebie Zdroj"]
[Date "2021.11.10"]
[Round "5"]
[White "Kordela, Krzysztof"]
[Black "Marszalek, Julian"]
[Result "0-1"]
[WhiteElo "1449"]
[BlackElo "1230"]
[PlyCount "58"]
[EventDate "2021.11.07"]
[EventType "swiss"]
[EventRounds "9"]
[EventCountry "POL"]
[SourceTitle "CBM 205 Extra"]
[Source "ChessBase"]
[SourceDate "2022.01.31"]
[SourceVersion "1"]
[SourceVersionDate "2022.01.31"]
[SourceQuality "1"]

1. e4 c5 2. Nf3 d6 3. d4 cxd4 4. Nxd4 Nf6 5. Nc3 a6 6. Be2 e6 7. 0-0 Be7 8. b3 Qc7 9. Bb2 Nc6 10. Nxc6 Qxc6 11. Bf3 e5 12. Re1 Be6 13. Re3 Qc5 14. Na4 Qa7 15. Ba3 b5 16. Nb2 Qb6 17. Nd3 a5 18. c3 Rc8 19. Rc1 0-0 20. Qd2 Rfd8 21. g3 Ng4 22. Bxg4 Bxg4 23. f3 Bg5 24. Rce1 Bxe3+ 25. Rxe3 Bxf3 26. Kf1 Bg4 27. Nf2 Be6 28. Rf3 h6 29. h4 Rc6 0-1

[Event "Jastrzebie Zdroj op 4th"]
[Site "Jastrzebie Zdroj"]
[Date "2021.11.07"]
[Round "2"]
[White "Marszalek, Julian"]
[Black "Radzimski, Adam"]
[Result "1-0"]
[WhiteElo "1230"]
[BlackElo "1356"]
[PlyCount "73"]
[EventDate "2021.11.07"]
[EventType "swiss"]
[EventRounds "9"]
[EventCountry "POL"]
[SourceTitle "CBM 205 Extra"]
[Source "ChessBase"]
[SourceDate "2022.01.31"]
[SourceVersion "1"]
[SourceVersionDate "2022.01.31"]
[SourceQuality "1"]

1. e4 c5 2. Nf3 d6 3. d4 cxd4 4. Nxd4 a6 5. Nc3 Nf6 6. f3 e6 7. Bc4 Be7 8. Bb3 Nbd7 9. Be3 Nc5 10. Qd2 Nxb3 11. Nxb3 b5 12. 0-0-0 Qc7 13. h4 Rb8 14. Kb1 a5 15. g4 b4 16. Ne2 e5 17. Ng3 a4 18. Nc1 Be6 19. g5 Nd7 20. Nf5 Bxf5 21. exf5 f6 22. g6 h6 23. Qd5 Rf8 24. Bxh6 Nb6 25. Qe6 Nc4 26. Rd3 Na3+ 27. bxa3 bxa3+ 28. Nb3 axb3 29. Rxb3 Rxb3+ 30. Qxb3 Kd7 31. Qb5+ Qc6 32. Qxc6+ Kxc6 33. Bxg7 Rg8 34. h5 Rb8+ 35. Ka1 Bf8 36. Bxf8 Rxf8 37. h6 1-0

[Event "Jastrzebie Zdroj op 4th"]
[Site "Jastrzebie Zdroj"]
[Date "2021.11.07"]
[Round "1"]
[White "Zmarzly, Wiktor"]
[Black "Marszalek, Julian"]
[Result "1-0"]
[WhiteElo "1665"]
[BlackElo "1230"]
[PlyCount "47"]
[EventDate "2021.11.07"]
[EventType "swiss"]
[EventRounds "9"]
[EventCountry "POL"]
[SourceTitle "CBM 205 Extra"]
[Source "ChessBase"]
[SourceDate "2022.01.31"]
[SourceVersion "1"]
[SourceVersionDate "2022.01.31"]
[SourceQuality "1"]

1. c4 e5 2. Nc3 Bb4 3. g3 Bxc3 4. dxc3 Nc6 5. Bg2 Nge7 6. e4 d6 7. Ne2 Be6 8. b3 a5 9. a4 0-0 10. 0-0 Qd7 11. f4 Bh3 12. f5 Bxg2 13. Kxg2 f6 14. g4 Kf7 15. Ng3 Rh8 16. g5 Rag8 17. gxf6 gxf6 18. Qh5+ Kf8 19. Bh6+ Rg7 20. Qg4 Rhg8 21. Nh5 Ng6 22. Bxg7+ Rxg7 23. Nxg7 Kxg7 24. Qg3 1-0